Učiace sa regióny - priestor pre využitie fondov EÚ?

Teoretické vymedzenie učiacich sa regiónov. Podpora učiacich sa regiónov. Učiace sa regióny v Slovenskej republike. Pomoc európskeho sociálneho fondu v oblasti podpory učiacich sa regiónov.

Na minha lista:
Detalhes bibliográficos
Autor principal: Šipikal, Miroslav, 1976-
Formato: Capítulo de Livro
Idioma:eslovaco
Assuntos:
Tags: Adicionar Tag
Sem tags, seja o primeiro a adicionar uma tag!

MARC

LEADER 00000nla$a2200000$$$4500
001 0080739
005 20240502083217.8
041 0 |a slo 
044 |a CZ 
245 1 0 |a Učiace sa regióny - priestor pre využitie fondov EÚ?  |c Miroslav Šipikal 
520 |a Teoretické vymedzenie učiacich sa regiónov. Podpora učiacich sa regiónov. Učiace sa regióny v Slovenskej republike. Pomoc európskeho sociálneho fondu v oblasti podpory učiacich sa regiónov. 
610 2 0 |a vzdelávanie 
610 2 0 |a inovácia 
610 2 0 |a vedomosti 
610 2 0 |a regióny 
610 2 0 |a správa verejná 
610 2 0 |a financovanie 
610 2 0 |a fond sociálny 
610 2 0 |a Európska únia 
610 2 0 |a Slovensko 
100 1 |a Šipikal, Miroslav, 1976-